Antología clave

Uloženo v:
Podrobná bibliografie
Hlavní autor: Guillén Batista, Nicolás (Autor)
Médium: Kniha
Jazyk:španělština
Vydáno: Santiago Nascimento 1971
Edice:Biblioteca Popular Nascimento, 5
Témata:
Tagy: Přidat tag
Žádné tagy, Buďte první, kdo vytvoří štítek k tomuto záznamu!

MARC

LEADER 00000cam a2200000 a 4500
001 UCH9789
003 CL-VaPUC
008 100121e19710000CL |||||||||||||||||spa|d
082 0 4 |a Cu861  |b GUI  |2 21 
100 |a Guillén Batista, Nicolás  |e author  |9 547059 
245 1 0 |a Antología clave 
300 |a 194 p 
942 |c BK 
945 |d 20100121 00:00:00  |a dcastane 
260 |a Santiago  |b Nascimento  |c 1971 
650 7 |a POESIA CUBANA  |2 CL-VaPUC  |9 376917 
650 0 |a Antologías  |9 309836 
650 0 |a Literatura cubana  |9 315048 
583 |a last modification  |c 20140814 11:42:43  |k Rodrigo Vera 
490 0 |a Biblioteca Popular Nascimento, 5 
999 |c 339678  |d 339676 
952 |0 0  |1 0  |3 erb  |4 0  |6 CU_861_000000000000000_GUI_1971  |7 0  |8 P  |9 433450  |a BIBEDU  |b BIBEDU  |c BIBEDU_PB  |i 5006929  |o Cu861 GUI 1971  |p 5006929  |r 2024-01-25  |w 2019-11-22  |y BK  |z Catalogado en:20140814  |k LIT